[Event "Scottish International Open"]
[Site "Edinburgh, Scotland"]
[Date "2015.07.12"]
[Round "2"]
[White "McHarg, Steven"]
[Black "Giacometto, Mario"]
[Result "1-0"]
[WhiteElo "1476"]
[BlackElo "1952"]
[PlyCount "161"]
[EventDate "2015.??.??"]
[Source "ChessScotland"]
[SourceDate "2015.07.19"]

1. d4 d5 2. Nc3 e6 3. Nf3 Bb4 4. Bd2 Ne7 5. e3 O-O 6. Bd3 f6 7. a3 Bxc3 8. Bxc3
Bd7 9. Bd2 Be8 10. c4 Bg6 11. Bxg6 Nxg6 12. Qb3 b6 13. cxd5 Qxd5 14. Qxd5 exd5
15. Rc1 Na6 16. b4 Rac8 17. b5 Nb8 18. Bb4 Rfe8 19. O-O a5 20. bxa6 Nxa6 21.
Rc6 Kf7 22. Rfc1 Ne7 23. Bxe7 Kxe7 24. g3 Kd7 25. Nh4 Re6 26. R6c3 g6 27. Ng2
c5 28. Nf4 Rd6 29. dxc5 bxc5 30. Rb1 Kc7 31. Nd3 Rb6 32. Rd1 Kc6 33. Nf4 Nc7
34. Nd3 Na6 35. Nf4 Nc7 36. Nd3 c4 37. Nb4+ Kc5 38. Nd3+ Kc6 39. Nb4+ Kc5 40.
Nd3+ Kd6 41. Nb4 Ke5 42. f4+ Ke6 43. e4 Nb5 44. exd5+ Kd6 45. Re3 Nxa3 46. Re6+
Kc5 47. Rxb6 Kxb6 48. d6 Rd8 49. Nd5+ Kc6 50. Ne7+ Kd7 51. Nd5 Kxd6 52. Nxf6+
Ke7 53. Nd5+ Ke6 54. Nc7+ Ke7 55. Nd5+ Kf7 56. Kf2 Rb8 57. Rc1 Rb2+ 58. Kg1 Rb1
59. Rxb1 Nxb1 60. Ne3 c3 61. Nc2 Ke6 62. Kf2 Kd5 63. Ke3 Kc4 64. g4 Nd2 65. f5
Nf1+ 66. Ke4 Nxh2 67. f6 Nxg4 68. f7 Nf6+ 69. Ke5 Nd7+ 70. Ke6 Kb3 71. Nd4+ Kc4
72. Kxd7 Kxd4 73. f8=Q Kd3 74. Qf1+ Kd2 75. Qf2+ Kc1 76. Kc6 c2 77. Kd5 Kb1 78.
Qb6+ Ka2 79. Qc5 Kb2 80. Qb4+ Ka2 81. Qc3 1-0

[Event "Scottish International Open"]
[Site "Edinburgh, Scotland"]
[Date "2015.07.12"]
[Round "2"]
[White "Kynoch, Richard"]
[Black "Forbes, Alistair"]
[Result "1-0"]
[WhiteElo "1934"]
[BlackElo "1418"]
[PlyCount "81"]
[EventDate "2015.??.??"]
[Source "ChessScotland"]
[SourceDate "2015.07.19"]

1. e4 c5 2. Nf3 e6 3. d3 Nc6 4. g3 Qc7 5. Bg2 Nf6 6. Nbd2 Be7 7. O-O O-O 8. Re1
d6 9. c3 Ne5 10. Qe2 d5 11. Nxe5 Qxe5 12. exd5 Qxe2 13. Rxe2 Rd8 14. c4 Kf8 15.
Ne4 exd5 16. Nxf6 Bxf6 17. Bxd5 Bg4 18. f3 Bf5 19. Be3 Rac8 20. Bxb7 Bxd3 21.
Bxc8 Bxe2 22. Bxc5+ Kg8 23. Re1 Bxc4 24. b3 Rxc8 25. bxc4 g6 26. Bxa7 Rxc4 27.
Re2 Rc1+ 28. Kg2 Ra1 29. Bc5 h5 30. a3 Kg7 31. Kf2 Rc1 32. Bb4 Bd4+ 33. Kg2
Rg1+ 34. Kh3 Ra1 35. Rd2 Bf6 36. f4 Kh7 37. Kg2 Bg7 38. Kf3 Bh8 39. Rd7 Kg8 40.
Rd8+ Kh7 41. Rxh8+ 1-0

[Event "Scottish International Open"]
[Site "Edinburgh, Scotland"]
[Date "2015.07.12"]
[Round "2"]
[White "McKay, Jonathan"]
[Black "Mollison, Jamie"]
[Result "0-1"]
[WhiteElo "1053"]
[BlackElo "1888"]
[PlyCount "54"]
[EventDate "2015.??.??"]
[Source "ChessScotland"]
[SourceDate "2015.07.19"]

1. Nf3 b6 2. g3 Bb7 3. Bg2 g5 4. O-O g4 5. Ne1 Bxg2 6. Nxg2 Nf6 7. b3 Nc6 8.
Bb2 Bg7 9. e4 e5 10. Ne3 h5 11. f4 Nxe4 12. Nxg4 hxg4 13. Qxg4 Qf6 14. fxe5 Qg6
15. Rf4 Nc5 16. Qf3 O-O-O 17. Rxf7 Qxc2 18. Qc3 Qg6 19. Qf3 Rdf8 20. Rxf8+ Rxf8
21. Qe2 Nd3 22. Bc3 Rf2 23. Qe3 Qh5 24. Qxf2 Nxf2 25. Kxf2 Qxh2+ 26. Kf3 Nxe5+
27. Kf4 Qf2+ 0-1

[Event "Scottish International Open"]
[Site "Edinburgh, Scotland"]
[Date "2015.07.12"]
[Round "2"]
[White "Paul, Rabindra"]
[Black "Ridge, Michael"]
[Result "1/2-1/2"]
[WhiteElo "1822"]
[BlackElo "1917"]
[PlyCount "82"]
[EventDate "2015.??.??"]
[Source "ChessScotland"]
[SourceDate "2015.07.19"]

1. d4 Nf6 2. c4 g6 3. Nc3 Bg7 4. e4 d6 5. f3 O-O 6. Be3 Nc6 7. Qd2 e5 8. d5 Nd4
9. Nge2 Nxe2 10. Bxe2 Nd7 11. O-O-O a6 12. Kb1 f5 13. Rc1 b6 14. Bd1 Rb8 15.
Ba4 b5 16. cxb5 Nb6 17. Bb3 axb5 18. Nxb5 Rf7 19. Na7 Qh4 20. Nc6 Ra8 21. g3
Qh5 22. Nd8 Rd7 23. Ne6 Qxf3 24. Ng5 Qh5 25. Bd1 Qh6 26. Ne6 f4 27. gxf4 exf4
28. Bxf4 Qh4 29. Qe1 Qf6 30. Nxg7 Rxg7 31. Bd2 Rf7 32. Bb3 Ba6 33. e5 Qf2 34.
Qxf2 Rxf2 35. Be3 Re2 36. Bxb6 cxb6 37. e6 Bb5 38. Bc4 Bxc4 39. Rxc4 Rd2 40.
Re1 Rxd5 41. Rc7 Re8 1/2-1/2

[Event "Scottish International Open"]
[Site "Edinburgh, Scotland"]
[Date "2015.07.12"]
[Round "2"]
[White "Zamvar, Vipin"]
[Black "Shafi, Declan"]
[Result "0-1"]
[WhiteElo "1622"]
[BlackElo "1908"]
[PlyCount "116"]
[EventDate "2015.??.??"]
[Source "ChessScotland"]
[SourceDate "2015.07.19"]

1. e4 e5 2. Nf3 Nc6 3. Bb5 a6 4. Ba4 Nf6 5. O-O Be7 6. d3 b5 7. Bb3 d6 8. h3
O-O 9. Re1 Bb7 10. c3 Nb8 11. Bg5 Nbd7 12. Nbd2 Nc5 13. Bc2 Ne6 14. Bxf6 Bxf6
15. Nf1 Nf4 16. Kh2 Qc8 17. Ne3 h5 18. Ng1 g6 19. g3 Ne6 20. Nd5 Bxd5 21. exd5
Nc5 22. Qf3 Kg7 23. Ne2 Re8 24. b4 Nd7 25. g4 hxg4 26. Qxg4 Nb6 27. Qf3 a5 28.
a3 Rh8 29. Rg1 Nxd5 30. d4 Ne7 31. Rg4 axb4 32. cxb4 Rh4 33. Rxh4 Bxh4 34. dxe5
dxe5 35. Bb3 Bf6 36. Bc2 Ra6 37. Be4 Rd6 38. Rc1 Qd7 39. Qc3 Rd2 40. Rc2 Rxc2
41. Qxc2 Bg5 42. Qc3 Bf6 43. Nc1 Qd4 44. Qxd4 exd4 45. f4 Kf8 46. Nd3 Ke8 47.
Kg3 Kd7 48. Kg4 Kd6 49. Nc5 c6 50. Nb7+ Kc7 51. Nc5 Bg7 52. h4 f5+ 53. Bxf5
gxf5+ 54. Kg5 Kd6 55. h5 Kd5 56. h6 Bh8 57. Kh4 Kc4 58. Kg3 d3 0-1

[Event "Scottish International Open"]
[Site "Edinburgh, Scotland"]
[Date "2015.07.12"]
[Round "2"]
[White "Gillies, Alex"]
[Black "McGillivray, Calum"]
[Result "1-0"]
[WhiteElo "1908"]
[BlackElo "1589"]
[PlyCount "113"]
[EventDate "2015.??.??"]
[Source "ChessScotland"]
[SourceDate "2015.07.19"]

1. d4 d5 2. Nf3 c6 3. g3 e6 4. Bg2 f5 5. O-O Nf6 6. b3 Bd6 7. Ba3 O-O 8. c4 Ne4
9. Ne5 Bxa3 10. Nxa3 Qd6 11. Nc2 Nd7 12. Nxd7 Bxd7 13. f3 Nf6 14. f4 Ne4 15. c5
Qc7 16. Ne1 b6 17. Nd3 bxc5 18. Bxe4 fxe4 19. Nxc5 Qd6 20. Rc1 Rf6 21. Nxd7
Qxd7 22. Rc5 Raf8 23. e3 g5 24. Rf2 gxf4 25. exf4 Qg7 26. Kf1 Qg6 27. Qc1 R6f7
28. Rxc6 Qf6 29. Qe3 Qe7 30. Rfc2 Qg5 31. Rf2 Qh5 32. Kg1 Qg6 33. Rg2 Qg4 34.
Qe2 Qf5 35. b4 Qf6 36. Qe3 Qe7 37. a3 e5 38. dxe5 Qxe5 39. Rd2 Qf5 40. b5 Rb8
41. a4 Rd7 42. Qd4 Re8 43. Re2 Qg4 44. Re3 Rf8 45. Rc5 Rfd8 46. Kg2 h5 47. Qf6
Qg7 48. Qe6+ Qf7 49. Qe5 d4 50. Rxe4 d3 51. Qg5+ Qg7 52. Re1 d2 53. Rd1 Re8 54.
Qxh5 Rdd8 55. Rg5 Qxg5 56. Qxg5+ Kf8 57. f5 1-0

[Event "Scottish International Open"]
[Site "Edinburgh, Scotland"]
[Date "2015.07.12"]
[Round "2"]
[White "Parks, Joe"]
[Black "Armaan, Jal Gala"]
[Result "1-0"]
[WhiteElo "1897"]
[BlackElo "1551"]
[PlyCount "43"]
[EventDate "2015.??.??"]
[Source "ChessScotland"]
[SourceDate "2015.07.19"]

1. d4 b6 2. e4 Bb7 3. Bd3 Nf6 4. f3 e6 5. Ne2 d5 6. e5 Nfd7 7. O-O c5 8. c3 Nc6
9. Nd2 Qh4 10. f4 f6 11. Nf3 Qh5 12. Ng3 Qf7 13. f5 h6 14. fxe6 Qxe6 15. Bf5
Qe7 16. e6 Ndb8 17. Bg6+ Kd8 18. Bf4 Bc8 19. Nf5 Qb7 20. Re1 Ne7 21. Nd6 Qc7
22. Nf7+ 1-0

[Event "Scottish International Open"]
[Site "Edinburgh, Scotland"]
[Date "2015.07.12"]
[Round "2"]
[White "Hartman, James"]
[Black "Jelfs, Alan"]
[Result "0-1"]
[WhiteElo "1003"]
[BlackElo "1889"]
[PlyCount "54"]
[EventDate "2015.??.??"]
[Source "ChessScotland"]
[SourceDate "2015.07.19"]

1. d4 Nf6 2. c4 g6 3. Nc3 Bg7 4. Nf3 O-O 5. Bf4 d6 6. e3 Nh5 7. Bg5 f5 8. Bd3
c6 9. O-O Qe8 10. Qd2 e5 11. dxe5 dxe5 12. Bc2 h6 13. Bh4 g5 14. Nxg5 hxg5 15.
Bxg5 Be6 16. b3 Nd7 17. e4 f4 18. Qd3 Qg6 19. Bh4 f3 20. g3 Nf4 21. Qd1 Qg4 22.
Rc1 Ng6 23. Kh1 Nxh4 24. Rg1 Ng6 25. Qf1 Qh5 26. Nd1 Kf7 27. Ne3 Qxh2+ 0-1

[Event "Scottish International Open"]
[Site "Edinburgh, Scotland"]
[Date "2015.07.12"]
[Round "2"]
[White "Durno, Joy"]
[Black "Smith, Sarah"]
[Result "1-0"]
[WhiteElo "1886"]
[BlackElo "888"]
[PlyCount "53"]
[EventDate "2015.??.??"]
[Source "ChessScotland"]
[SourceDate "2015.07.19"]

1. c4 f5 2. Nf3 Nf6 3. d4 e6 4. g3 b6 5. Bg2 Ba6 6. b3 Be7 7. O-O O-O 8. Nc3 c6
9. Bb2 d5 10. Ne5 Qc7 11. Rc1 Nbd7 12. cxd5 Nxe5 13. dxe5 Qxe5 14. dxc6 Rfd8
15. Qc2 Qc7 16. a4 Nd5 17. Nxd5 exd5 18. Qxf5 Bxe2 19. Qe6+ Kh8 20. Qxe2 Rac8
21. Bh3 Rb8 22. Bd7 Bd6 23. Rfe1 h6 24. Qg4 Bf8 25. Be5 Rxd7 26. cxd7 Qxc1 27.
Rxc1 1-0

[Event "Scottish International Open"]
[Site "Edinburgh, Scotland"]
[Date "2015.07.12"]
[Round "2"]
[White "Connolly Sams, Dietah"]
[Black "Campbell, Eoin"]
[Result "0-1"]
[WhiteElo "829"]
[BlackElo "1839"]
[PlyCount "68"]
[EventDate "2015.??.??"]
[Source "ChessScotland"]
[SourceDate "2015.07.19"]

1. d4 d6 2. c4 g6 3. Nc3 Bg7 4. Nf3 Nf6 5. Bf4 O-O 6. g3 c6 7. Bg2 Qa5 8. O-O
Qh5 9. Qb3 Bh3 10. Qxb7 Ng4 11. Qxa8 e5 12. dxe5 dxe5 13. Be3 f5 14. Rfd1 e4
15. Nh4 Bxg2 16. Kxg2 g5 17. Bxg5 Qxg5 18. Qxa7 Bxc3 19. bxc3 f4 20. Rf1 e3 21.
f3 Nxh2 22. Kxh2 Qxg3+ 23. Kh1 Qxh4+ 24. Kg1 Qg3+ 25. Kh1 Qh3+ 26. Kg1 Nd7 27.
Rad1 Rf7 28. Qa8+ Nf8 29. Qxf8+ Kxf8 30. Rd8+ Ke7 31. Rd7+ Kxd7 32. Rd1+ Kc7
33. Rd7+ Rxd7 34. a4 Rg7# 0-1

[Event "Scottish International Open"]
[Site "Edinburgh, Scotland"]
[Date "2015.07.12"]
[Round "2"]
[White "Aitchison, A Keith"]
[Black "Schmerwitz, Reinhard"]
[Result "0-1"]
[WhiteElo "1837"]
[BlackElo "1829"]
[PlyCount "76"]
[EventDate "2015.??.??"]
[Source "ChessScotland"]
[SourceDate "2015.07.19"]

1. e4 c5 2. Nf3 d6 3. d4 cxd4 4. Nxd4 Nf6 5. Nc3 Nc6 6. f3 e5 7. Nb3 Be7 8. Be3
O-O 9. Bc4 a6 10. a4 Qc7 11. Qe2 Nb4 12. O-O-O Bd7 13. Kb1 Rfc8 14. Bd5 Nfxd5
15. Nxd5 Nxd5 16. Rxd5 Bxa4 17. f4 Bc6 18. Rd3 Bxe4 19. Rc3 Qd7 20. fxe5 Rxc3
21. bxc3 dxe5 22. Rd1 Qc6 23. Kb2 Rc8 24. Bd2 Bf6 25. Rf1 Bg6 26. g4 e4 27. Qe1
Qb5 28. Rxf6 gxf6 29. Bh6 f5 30. Qg1 Qd5 31. h4 fxg4 32. Qxg4 Qf5 33. Qg3 Rd8
34. Qc7 Re8 35. Nd4 Qe5 36. Qd7 e3 37. Ne2 Qb5+ 38. Qxb5 axb5 0-1

[Event "Scottish International Open"]
[Site "Edinburgh, Scotland"]
[Date "2015.07.12"]
[Round "2"]
[White "Pannwitz, Kai"]
[Black "Berera, Siddharth"]
[Result "1-0"]
[WhiteElo "1797"]
[BlackElo "1457"]
[PlyCount "66"]
[EventDate "2015.??.??"]
[Source "ChessScotland"]
[SourceDate "2015.07.19"]

1. d4 d5 2. c4 c6 3. Nf3 Nf6 4. Qc2 e6 5. g3 Bd6 6. Bg2 O-O 7. O-O Nbd7 8. Nbd2
e5 9. dxe5 Nxe5 10. Nxe5 Bxe5 11. Nf3 Bc7 12. Rd1 Qe7 13. cxd5 Nxd5 14. Bg5 f6
15. Bd2 Bg4 16. Qc4 Be6 17. Nd4 Rfd8 18. Rac1 Bb6 19. Bb4 Qf7 20. Nxe6 Qxe6 21.
e4 Nc7 22. Bf1 Qxc4 23. Bxc4+ Kh8 24. Be7 Rd4 25. Rxd4 Bxd4 26. b3 c5 27. Bd5
Nxd5 28. exd5 Re8 29. d6 Be5 30. d7 Rb8 31. Rxc5 Bc7 32. Rxc7 h6 33. Rc8+ Rxc8
1-0

[Event "Scottish International Open"]
[Site "Edinburgh, Scotland"]
[Date "2015.07.12"]
[Round "2"]
[White "Smith, Mark J"]
[Black "Opasiak, Dustin Tennessee"]
[Result "0-1"]
[WhiteElo "1440"]
[BlackElo "1791"]
[PlyCount "86"]
[EventDate "2015.??.??"]
[Source "ChessScotland"]
[SourceDate "2015.07.19"]

1. e4 e6 2. d4 d5 3. Nc3 Nf6 4. Bg5 Bb4 5. e5 h6 6. exf6 hxg5 7. fxg7 Rg8 8.
Qh5 Qf6 9. Qh7 Qxg7 10. Qxg7 Rxg7 11. Nge2 c5 12. O-O-O cxd4 13. Nb5 Kd8 14.
Rxd4 Nc6 15. Rd3 Bd7 16. Rh3 Ne7 17. Rh8+ Be8 18. Rxe8+ Kxe8 19. Nc7+ Kd7 20.
Nxa8 Bc5 21. h4 Bxf2 22. h5 Rg8 23. Nc3 Be3+ 24. Kb1 Rxa8 25. Bb5+ Nc6 26. h6
a6 27. Bd3 Nb4 28. h7 Bd4 29. Rh5 Nxd3 30. cxd3 Rh8 31. g4 f6 32. Rh6 Ke7 33.
Ne2 Be5 34. Kc2 Kf7 35. d4 Kg7 36. Rh3 Bd6 37. a4 Rxh7 38. Rxh7+ Kxh7 39. Kc3
a5 40. Ng1 f5 41. Nf3 Kg6 42. Ne5+ Bxe5 43. dxe5 fxg4 0-1

[Event "Scottish International Open"]
[Site "Edinburgh, Scotland"]
[Date "2015.07.12"]
[Round "2"]
[White "Heron, Donald"]
[Black "Hope, Iain"]
[Result "1-0"]
[WhiteElo "1714"]
[BlackElo "1349"]
[PlyCount "65"]
[EventDate "2015.??.??"]
[Source "ChessScotland"]
[SourceDate "2015.07.19"]

1. c4 c6 2. Nf3 d5 3. g3 g6 4. Bg2 Bg7 5. d4 Nf6 6. O-O O-O 7. Nc3 Bg4 8. Ne5
Bf5 9. Qb3 Qc8 10. cxd5 cxd5 11. Nxd5 Nxd5 12. Bxd5 Nc6 13. Nxf7 e6 14. Nd6 Qd7
15. Nxf5 exd5 16. Nxg7 Nxd4 17. Qd3 Qxg7 18. Be3 Nc6 19. Qxd5+ Rf7 20. Qb3 Rd8
21. Rad1 Qf8 22. Rxd8 Qxd8 23. Rd1 Qc8 24. Kg2 Kf8 25. Bh6+ Ke8 26. Rd3 Qf5 27.
Rf3 Qe4 28. Qxf7+ Kd8 29. Qf8+ Kd7 30. Qf7+ Kd6 31. Qf4+ Qxf4 32. Bxf4+ Ke6 33.
Rd3 1-0

[Event "Scottish International Open"]
[Site "Edinburgh, Scotland"]
[Date "2015.07.12"]
[Round "2"]
[White "McKinney, Stuart"]
[Black "Pearson, Walter"]
[Result "1-0"]
[WhiteElo "1364"]
[BlackElo "1623"]
[PlyCount "45"]
[EventDate "2015.??.??"]
[Source "ChessScotland"]
[SourceDate "2015.07.19"]

1. e4 e5 2. Nf3 Nc6 3. Bc4 Bc5 4. Nc3 Nf6 5. d3 h6 6. h3 d6 7. Na4 Bb6 8. Nxb6
axb6 9. a3 Qe7 10. Be3 Na5 11. Ba2 Be6 12. Bxe6 Qxe6 13. Nh4 Nc6 14. Nf5 O-O
15. g4 Ne7 16. Qf3 Nxf5 17. gxf5 Qe7 18. Rg1 Kh8 19. Ke2 Rg8 20. Rg2 Raf8 21.
Rag1 Ne8 22. Qh5 Qf6 23. Bg5 1-0

[Event "Scottish International Open"]
[Site "Edinburgh, Scotland"]
[Date "2015.07.12"]
[Round "2"]
[White "Connolly Sams, Lukah"]
[Black "Van Rossum, Pia"]
[Result "0-1"]
[WhiteElo "1345"]
[BlackElo "1594"]
[PlyCount "80"]
[EventDate "2015.??.??"]
[Source "ChessScotland"]
[SourceDate "2015.07.19"]

1. d4 d6 2. c4 Nf6 3. Nf3 g6 4. Nc3 Bg7 5. Bf4 O-O 6. e4 Na6 7. Be2 c5 8. d5
Bd7 9. Qb3 Rb8 10. O-O Nc7 11. Qa3 a6 12. Rac1 b5 13. b4 cxb4 14. Qxb4 bxc4 15.
Qxc4 Nb5 16. Qd3 Nxc3 17. Rxc3 Nxe4 18. Ra3 Nc5 19. Qd2 Rb2 20. Qe3 Re8 21.
Bxa6 Qb6 22. Bd3 Nxd3 23. Rxd3 Qxe3 24. Rxe3 Rxa2 25. Rfe1 Kf8 26. g3 h6 27. h4
Ra5 28. Rd3 Bb5 29. Rdd1 Bc4 30. Rb1 Bxd5 31. Nh2 e5 32. Bd2 Ra6 33. Rb5 Bc6
34. Rb3 e4 35. Ng4 h5 36. Ne3 Bd4 37. Rb4 Bc5 38. Rc4 f5 39. Nc2 Kf7 40. Rd1
Ba4 {Unable to read scoresheet.} 0-1

[Event "Scottish International Open"]
[Site "Edinburgh, Scotland"]
[Date "2015.07.12"]
[Round "2"]
[White "Gillies, Craig"]
[Black "Tramontano, Fulvio"]
[Result "1-0"]
[WhiteElo "1582"]
[BlackElo "1325"]
[PlyCount "89"]
[EventDate "2015.??.??"]
[Source "ChessScotland"]
[SourceDate "2015.07.19"]

1. d4 d5 2. c4 Nf6 3. Nc3 e6 4. Bg5 Be7 5. Nf3 O-O 6. e3 Bd7 7. Ne5 Nc6 8. Nxd7
Qxd7 9. cxd5 exd5 10. Bb5 a6 11. Ba4 b5 12. Bb3 b4 13. Bxf6 bxc3 14. Bxe7 cxb2
15. Bxf8 bxa1=Q 16. Qxa1 Kxf8 17. O-O Re8 18. Ba4 Re6 19. Rc1 Rg6 20. Bxc6 Rxc6
21. Rxc6 Qxc6 22. Qb2 g6 23. g3 Qb6 24. Qc1 Ke7 25. Kg2 a5 26. f4 Kd6 27. Kf3
c5 28. dxc5+ Qxc5 29. Qb2 f5 30. Qf6+ Kd7 31. Qf7+ Qe7 32. Qxd5+ Qd6 33. Qxa5
Qd1+ 34. Kf2 Qc2+ 35. Ke1 Qc1+ 36. Ke2 Qc4+ 37. Kd1 Qf1+ 38. Qe1 Qf3+ 39. Qe2
Qh1+ 40. Kd2 Ke7 41. Kc3 Qc6+ 42. Qc4 Qf6+ 43. Kb4 Kf8 44. Qc8+ Kg7 45. Qc3 1-0

[Event "Scottish International Open"]
[Site "Edinburgh, Scotland"]
[Date "2015.07.12"]
[Round "2"]
[White "Oxener, Aldo"]
[Black "Doris, Peter"]
[Result "0-1"]
[WhiteElo "1545"]
[BlackElo "1256"]
[PlyCount "74"]
[EventDate "2015.??.??"]
[Source "ChessScotland"]
[SourceDate "2015.07.19"]

1. e4 e6 2. d4 d5 3. e5 c5 4. c3 Nc6 5. Nf3 Qb6 6. Be2 f6 7. O-O fxe5 8. Nxe5
Nxe5 9. dxe5 Ne7 10. Nd2 Nc6 11. Nf3 Be7 12. Qc2 Bd7 13. Bg5 O-O-O 14. Rab1 Qc7
15. a4 h6 16. Bf4 g5 17. Bg3 Rdg8 18. Bb5 h5 19. Bxc6 Bxc6 20. h3 h4 21. Bh2 g4
22. hxg4 Rxg4 23. a5 h3 24. Bg3 hxg2 25. Nh2 Rxg3 26. fxg3 Qxe5 27. Qf2 Qh5 28.
Qxg2 d4 29. Qf2 Rf8 30. Qe1 Qd5 31. Nf3 Rxf3 32. Qe2 Rxg3+ 33. Kf2 Rg2+ 34. Ke1
Bh4+ 35. Kd1 Qb3+ 36. Kd2 Rxe2+ 37. Kxe2 Qc2# 0-1

[Event "Scottish International Open"]
[Site "Edinburgh, Scotland"]
[Date "2015.07.12"]
[Round "2"]
[White "Smith, Rachel"]
[Black "Smith, Callum"]
[Result "1-0"]
[WhiteElo "1316"]
[BlackElo "1543"]
[PlyCount "67"]
[EventDate "2015.??.??"]
[Source "ChessScotland"]
[SourceDate "2015.07.19"]

1. d4 d5 2. Bg5 c6 3. e3 Bf5 4. Nf3 Nd7 5. Be2 Ngf6 6. Nbd2 h6 7. Bf4 e6 8. O-O
Be7 9. c3 O-O 10. Qb3 Qb6 11. Rfc1 Qxb3 12. axb3 Rfc8 13. c4 a6 14. h3 Bb4 15.
Ra4 a5 16. Ra2 Bh7 17. Bh2 Ne4 18. Nb1 f6 19. Nc3 Bd6 20. Nxe4 Bxh2+ 21. Kxh2
Bxe4 22. Nd2 Bh7 23. Rca1 b6 24. b4 Rcb8 25. b3 Ra7 26. f3 Rba8 27. Ra4 Nf8 28.
f4 Ng6 29. g3 Ne7 30. Kg2 Nc8 31. c5 axb4 32. Rxa7 Rxa7 33. Rxa7 Nxa7 34. cxb6
1-0

[Event "Scottish International Open"]
[Site "Edinburgh, Scotland"]
[Date "2015.07.12"]
[Round "2"]
[White "Volland, Ben"]
[Black "Stuart, Joseph Maxwell"]
[Result "1/2-1/2"]
[WhiteElo "1543"]
[BlackElo "1210"]
[PlyCount "76"]
[EventDate "2015.??.??"]
[Source "ChessScotland"]
[SourceDate "2015.07.19"]

1. e4 e5 2. Nf3 Nc6 3. Nc3 Nf6 4. d4 exd4 5. Nxd4 Bb4 6. Nxc6 bxc6 7. Bd3 Bxc3+
8. bxc3 O-O 9. O-O Re8 10. f3 h6 11. Re1 d6 12. Kh1 Be6 13. Rg1 a5 14. g4 g5
15. h4 Nh7 16. Rg2 f6 17. Rh2 Kg7 18. Qf1 Qd7 19. hxg5 Nxg5 20. f4 Bxg4 21.
fxg5 fxg5 22. Rf2 Rf8 23. Be3 Rxf2 24. Qxf2 Rf8 25. Bd4+ Kg8 26. Bf6 Qe6 27.
Rf1 Qf7 28. e5 d5 29. Qc5 Qh5+ 30. Kg1 Bh3 31. Qe7 Qg4+ 32. Kf2 Qf4+ 33. Ke1
Qe3+ 34. Be2 Qc1+ 35. Kf2 Qf4+ 36. Bf3 Qh2+ 37. Ke3 Qf4+ 38. Kf2 Qh4+ 1/2-1/2

[Event "Scottish International Open"]
[Site "Edinburgh, Scotland"]
[Date "2015.07.12"]
[Round "2"]
[White "Hegde, Stuthi"]
[Black "D'Costa, Leston"]
[Result "0-1"]
[WhiteElo "1241"]
[BlackElo "1515"]
[PlyCount "42"]
[EventDate "2015.??.??"]
[Source "ChessScotland"]
[SourceDate "2015.07.19"]

1. d4 e6 2. c4 f5 3. Nc3 Nf6 4. Bf4 d5 5. e3 c6 6. Nf3 Bd6 7. Bxd6 Qxd6 8. Ne5
O-O 9. Be2 Nbd7 10. Nxd7 Bxd7 11. cxd5 exd5 12. Rc1 Rae8 13. a3 f4 14. Qd3 fxe3
15. fxe3 Ng4 16. Bxg4 Bxg4 17. Nd1 Qf4 18. Kd2 Qg5 19. h3 Bxd1 20. Rcxd1 Rf2+
21. Ke1 Qxg2 0-1

[Event "Scottish International Open"]
[Site "Edinburgh, Scotland"]
[Date "2015.07.12"]
[Round "2"]
[White "Brown, Gerry"]
[Black "White, Alastair"]
[Result "0-1"]
[WhiteElo "1468"]
[BlackElo "2074"]
[PlyCount "80"]
[EventDate "2015.??.??"]
[Source "ChessScotland"]
[SourceDate "2015.07.19"]

1. Nf3 d6 2. d4 Bg4 3. g3 g6 4. Bg2 Bg7 5. O-O Nf6 6. c4 O-O 7. Nc3 Nc6 8. b3
e5 9. d5 Ne7 10. e4 Qd7 11. Ba3 b6 12. b4 a5 13. bxa5 Rxa5 14. Bb4 Ra7 15. Qc2
c5 16. dxc6 Nxc6 17. a3 Rc8 18. Qd3 Nxb4 19. axb4 Rac7 20. Nd2 Be6 21. Nd5 Bxd5
22. exd5 Bh6 23. Ra6 b5 24. c5 Ne8 25. c6 Qg4 26. Ne4 f5 27. Nc3 Qxb4 28. Nxb5
e4 29. Qe2 Qc5 30. Rd1 Re7 31. Na3 Nc7 32. Ra4 Re5 33. Nc4 Rxd5 34. Rxd5 Nxd5
35. Ra5 Qxc6 36. Qa2 Nc3 37. Ne5+ Nxa2 38. Nxc6 Rxc6 39. Rxa2 d5 40. Bf1 d4 0-1

[Event "Scottish International Open"]
[Site "Edinburgh, Scotland"]
[Date "2015.07.13"]
[Round "3"]
[White "McKay, Roderick M"]
[Black "Van den Doel, Erik"]
[Result "0-1"]
[WhiteElo "2338"]
[BlackElo "2564"]
[PlyCount "74"]
[EventDate "2015.??.??"]
[Source "ChessScotland"]
[SourceDate "2015.07.19"]
[WhiteClock "0:02:55"]
[BlackClock "0:03:38"]

1. f4 d5 2. Nf3 g6 3. d3 Bg7 4. c3 Nc6 5. g3 e5 6. fxe5 Nxe5 7. Nxe5 Bxe5 8.
Nd2 h5 9. Nf3 Bf6 10. h4 c6 11. Bg2 Qb6 12. Qb3 Nh6 13. Rf1 Ng4 14. Qxb6 axb6
15. Bf4 b5 16. Kd2 b4 17. Bd6 bxc3+ 18. bxc3 Kd7 19. Bc5 Kc7 20. Ng5 Bxg5+ 21.
hxg5 Be6 22. Bf3 Ra5 23. Bb4 Ra4 24. a3 Nh2 25. Rfb1 Nxf3+ 26. exf3 b6 27. Be7
c5 28. Bf6 Rha8 29. Rb3 Kc6 30. Rab1 Rb8 31. Ra1 b5 32. d4 Rba8 33. Be7 cxd4
34. Bb4 d3 35. Kxd3 d4 36. Rb2 Bc4+ 37. Kxd4 Re8 0-1

[Event "Scottish International Open"]
[Site "Edinburgh, Scotland"]
[Date "2015.07.13"]
[Round "3"]
[White "Aagaard, Jacob"]
[Black "Berry, Neil"]
[Result "1-0"]
[WhiteElo "2506"]
[BlackElo "2306"]
[PlyCount "117"]
[EventDate "2015.??.??"]
[Source "ChessScotland"]
[SourceDate "2015.07.19"]
[WhiteClock "0:16:11"]
[BlackClock "0:04:26"]

1. e4 e5 2. Nf3 Nc6 3. Bb5 a6 4. Ba4 Nf6 5. O-O Nxe4 6. d4 b5 7. Bb3 d5 8. dxe5
Be6 9. Nbd2 Nc5 10. c3 Be7 11. Bc2 d4 12. Nb3 d3 13. Bb1 Nxb3 14. axb3 Bf5 15.
Re1 O-O 16. b4 Qd7 17. h3 Bg6 18. Ba2 Kh8 19. Bd2 a5 20. e6 Qd8 21. bxa5 Rxa5
22. b4 Ra8 23. exf7 Bxf7 24. Bxf7 Rxa1 25. Qxa1 Rxf7 26. Qa6 Qd5 27. Ng5 Rf6
28. Qc8+ Rf8 29. Qe6 Qf5 30. Qxf5 Rxf5 31. g4 Rf8 32. Ne6 Rc8 33. Re3 Kg8 34.
Kg2 Kf7 35. Nf4 Bd6 36. Nxd3 Ra8 37. Rf3+ Ke7 38. Rf5 Rb8 39. Bg5+ Ke8 40. Bf4
Ne7 41. Rh5 h6 42. Kf3 Kf7 43. Ke4 Ng8 44. Rf5+ Nf6+ 45. Kf3 Rd8 46. Ne5+ Ke6
47. Nc6 Rf8 48. Nd4+ Kd7 49. Bxd6 cxd6 50. Rxb5 Nd5+ 51. Kg2 Nxc3 52. Rb7+ Kc8
53. Rxg7 Rf4 54. Nf5 d5 55. Nd6+ Kd8 56. b5 Rf6 57. b6 Rxd6 58. Rg8+ Kd7 59. b7
1-0

[Event "Scottish International Open"]
[Site "Edinburgh, Scotland"]
[Date "2015.07.13"]
[Round "3"]
[White "Rooze, Jan"]
[Black "McNab, Colin Anderson"]
[Result "1/2-1/2"]
[WhiteElo "2316"]
[BlackElo "2443"]
[PlyCount "53"]
[EventDate "2015.??.??"]
[Source "ChessScotland"]
[SourceDate "2015.07.19"]
[WhiteClock "0:20:34"]
[BlackClock "0:21:41"]

1. e4 g6 2. d4 Bg7 3. Nc3 d6 4. Be3 Nf6 5. Qd2 O-O 6. f3 e5 7. dxe5 dxe5 8.
O-O-O Qe7 9. Qf2 b6 10. Bc4 c6 11. Nge2 Be6 12. Bxe6 Qxe6 13. Rd2 Na6 14. Rhd1
Qe7 15. g4 Rfd8 16. Ng3 Ne8 17. Qe2 Rxd2 18. Qxd2 Nac7 19. g5 Ne6 20. Qd7 Qxd7
21. Rxd7 Bf8 22. Nce2 Bc5 23. Bxc5 Nxc5 24. Rd1 Kf8 25. Nf1 Ke7 26. Ne3 Rd8 27.
Rxd8 1/2-1/2